000 00426nam a2200169Ia 4500
100 _aTurban/Efraim
650 _aInformation technology
942 _cBK
366 _f25
654 _adigital economy
245 _aInformation technology for management: Transforming organisations in the Digital economy
260 _bWiley India
_c2008
082 _a658.4038
_bTUR
300 _a700
546 _aENGLISH
999 _c33094
_d33094